000 00543nam a2200193 a 4500
001 1715
005 20140414131904.0
008 001115s19uu xx 00 eng d
020 _a0-440-22021-1
050 _aFIC
_bOd2 1996
100 _aO' Dell, Scott
245 _aIsland of the blue dolphins /
_cScott O'Dell.
260 _aNew York :
_bBantam Doubleday,
_c1996.
300 _a184 p. ; cm.
440 _aA Yearling Book.
650 _aIndians of North America
_xFiction.
650 _aWilderness survival
_xFiction.
999 _c110836
_d110836